| 000 | 00457nam a22001817a 4500 | ||
|---|---|---|---|
| 003 | MPLRDC | ||
| 005 | 20220104184930.0 | ||
| 008 | 210129b ||||| |||| 00| 0 eng d | ||
| 020 | _a986-228-108-6 | ||
| 082 | _a598.6 CSZY | ||
| 100 | _a创世卓越主编 | ||
| 245 |
_a超级全景霸王兵器 _c |
||
| 250 | _a初版一刷 | ||
| 260 |
_a台湾 _b汉宇国际文化有限公司 _c2010 |
||
| 300 | _b平 | ||
| 650 | _a军机 | ||
| 942 |
_cBK _o598.6 CSZY |
||
| 999 |
_c63104 _d63094 |
||